Magyarische Sagen und Maehrchen

Bibliographic Details
Main Author: Alais'atsz, Johann Grafen (Author)
Format: Book
Language:Undetermined
PhysicalDescription:281 s.
Published: Brünn T. P. Trafsterl 1825

MARC

LEADER 00000nam a2200000 a 4500
001 vtls001477901
003 SK-MaSNL
005 20260301122132.0
008 180810s1905 xx 0 und
035 |a SNK000433201 
040 |a SNK  |b slo  |c SNK  |e AACR2 
041 0 |a und 
044 |a xx 
100 1 |a Alais'atsz, Johann Grafen  |4 aut  |9 467261 
245 1 0 |a Magyarische Sagen und Maehrchen 
260 |a Brünn  |b T. P. Trafsterl  |c 1825 
300 |a 281 s. 
958 |a ONDV 
999 |c 731813  |d 733743 
952 |a SNK  |b SNK  |y PREZ  |7 0  |p 17A0519002  |o snkSD 14473  |i snk507/58  |3 rekatalogizácia  |0 0  |1 0  |4 0  |d 2006-08-22  |l 0  |r 2025-11-27 00:00:00  |w 2026-02-23